|
|
|
|
| LEADER |
00000nam a2200000 a 4500 |
| 001 |
vtls008773723 |
| 003 |
SK-MaSNL |
| 005 |
20260301205606.0 |
| 008 |
240318s2006 xo a b p 000 0 slo |
| 015 |
|
|
|a SNBA2006/07-03930
|
| 020 |
|
|
|a 8085454963
|q (brož.)
|
| 035 |
|
|
|a 6595471C-C36C-41BD-A1EB-2642214C6903
|
| 035 |
|
|
|a urn:nbn:sk:snk-amjurg
|
| 035 |
|
|
|a urn:nbn:sk:snk-am0081hu
|
| 040 |
|
|
|a SNK
|b slo
|c SNK
|e AACR2
|
| 041 |
0 |
|
|a slo
|
| 044 |
|
|
|a xo
|c SK
|
| 072 |
|
7 |
|a 376
|x Výchova a vzdelávanie zvláštnych skupín osôb
|2 konspekt
|
| 080 |
|
|
|a 37.016:028:376
|2 2001
|
| 080 |
|
|
|a 616.89-008.43
|2 2001
|
| 080 |
|
|
|a 616.89-008.434.5
|2 2001
|
| 080 |
|
|
|a (075.2)
|2 2001
|
| 080 |
|
|
|a 371.3
|2 2001
|
| 100 |
1 |
|
|a Batiková, Stanislava
|4 aut
|9 318002
|
| 245 |
1 |
0 |
|a Makovička
|b čítanka pre žiakov ZŠ v vývinovou poruchou čítania
|c S. Batiková, K. Chovanová
|n 1. časť
|
| 250 |
|
|
|a 3. vyd.
|
| 260 |
|
|
|a [Bratislava]
|b Proxima press
|c 2006
|
| 300 |
|
|
|a 74 s.
|b fareb. fotogr.
|c 29 cm
|
| 650 |
0 |
7 |
|a čítanie
|2 SNKPH
|9 1654
|
| 650 |
0 |
7 |
|a špecifické poruchy učenia
|2 SNKPH
|9 3738
|
| 650 |
0 |
7 |
|a dyslexia
|2 SNKPH
|9 3734
|
| 655 |
|
7 |
|a učebnice špeciálnych základných škôl
|2 SNKPH
|9 70204
|
| 700 |
1 |
|
|a Chovanová, Kvetoslava
|4 ill
|9 318003
|
| 919 |
|
|
|a 80-85454-96-3
|
| 999 |
|
|
|c 910694
|d 912624
|
| 952 |
|
|
|a SNK
|b SNK
|y PREZ
|7 0
|p 17A0514024
|o snkSB 72457/1
|i snk2006/12173
|8 0
|0 0
|1 0
|4 0
|d 2006-06-15
|l 0
|r 2025-04-25 00:00:00
|w 2026-02-24
|
| 952 |
|
|
|a SNK
|b SNK
|y VYP
|7 0
|p 17A0514023
|o snkSB 72457/1 D1
|i snk2006/12174
|8 0
|0 0
|1 0
|4 0
|d 2006-06-15
|f 1
|l 0
|r 2016-06-30 00:00:00
|w 2026-02-24
|